Fulls informatius /
Descripción Física:
3 exemplars : periodicitat irregular ; 32 cm
Idioma:
Catalán
MARC
| LEADER | 00000nas a2200000 a 4500 | ||
|---|---|---|---|
| 003 | Arxiu | ||
| 005 | 20260324175349.0 | ||
| 008 | 160829d19811983spc x p s cat c | ||
| 040 | |a AGDB | ||
| 080 | |a Revistes | ||
| 130 | 0 | |9 56554 |a Fulls informatius (Institut del Teatre (Barcelona, Catalunya)) | |
| 245 | 0 | 0 | |a Fulls informatius / |c Institut del Teatre de la Diputació de Barcelona |
| 260 | |a Barcelona : |b Institut del Teatre de la Diputació de Barcelona, |c 1981?-1983? | ||
| 300 | |a 3 exemplars : |b periodicitat irregular ; |c 32 cm | ||
| 310 | |a Irregular | ||
| 500 | |a Periodicitat irregular. | ||
| 546 | |a Text quadrilingüe en català, castellà, francès i anglès | ||
| 610 | 2 | 0 | |9 55971 |a Institut del Teatre (Barcelona, Catalunya) |v Revistes |
| 650 | |a Teatre |x Revistes |9 48862 | ||
| 710 | 1 | |a Institut del Teatre (Barcelona, Catalunya) |9 52662 | |
| 866 | |a 1981, 1982, 1983 | ||
| 901 | |a Arxiu | ||
| 942 | |n 1 |2 udc |c REV | ||
| 952 | |0 0 |1 0 |4 0 |7 1 |9 45113 |a Arxiu |b Arxiu |d 2016-12-01 |h 1981-1983 |o Rev-2192 |p 28050 |r 2016-12-01 00:00:00 |w 2016-12-01 |y ARXIU | ||
| 999 | |c 47744 |d 47744 | ||